Every Kendrick Lamar song on the Billboard Hot 100 - Statistics

General Stats
  • This quiz has been taken 1,221 times
    1,172 since last reset
  • The average score is 18 of 48
Answer Stats
# Year Song % Correct
1 2017 HUMBLE.
98%
81 2015 Alright
85%
4 2017 DNA.
85%
11 2018 LOVE. ft. Zacari
75%
58 2015 King Kunta
70%
14 2017 LOYALTY. ft. Rihanna
69%
39 2014 i
66%
63 2017 DUCKWORTH.
64%
75 2014 m.A.A.d City ft. MC Eiht
64%
7 2018 All The Stars (SZA)
63%
17 2012 Swimming Pools (Drank)
62%
37 2017 PRIDE.
60%
50 2017 FEAR.
58%
33 2017 XXX. ft. U2
58%
16 2017 ELEMENT.
54%
42 2017 LUST.
54%
91 2015 Wesley's Theory ft. George Clinton & Thundercat
54%
58 2017 GOD.
53%
32 2013 Bitch, Don't Kill My Vibe
52%
54 2017 BLOOD.
51%
35 2017 FEEL.
48%
26 2013 Poetic Justice ft. Drake
48%
32 2017 YAH.
48%
66 2015 The Blacker The Berry
44%
94 2015 These Walls ft. Bilal, Anna Wise & Thundercat
43%
21 2018 King's Dead (Jay Rock, Future & James Blake)
41%
7 2018 Pray For Me (The Weeknd)
30%
1 2015 Bad Blood (Taylor Swift)
24%
99 2013 Institutionalized ft. Bilal, Anna Wise & Snoop Dogg
23%
79 2016 untitled 02 06.23.2014.
21%
90 2016 untitled 07 levitate
21%
71 2018 Big Shot (Travis Scott)
16%
91 2018 Black Panther
15%
92 2013 Collard Greens (ScHoolboy Q)
15%
8 2013 F**kin Problems (A$AP Rocky) ft. Drake & 2 Chainz
15%
22 2017 The Heart Part 4
14%
2 2018 Mona Lisa (Lil Wayne)
12%
6 2017 Don't Wanna Know (Maroon 5)
9%
41 2018 New Freezer (Rich The Kid)
7%
27 2016 Sidewalks (The Weeknd)
6%
18 2016 The Greatest (Sia)
6%
35 2016 Freedom (Beyoncé)
4%
84 2016 Holy Key (DJ Khaled) ft. Big Sean & Betty Wright
4%
100 2019 Momma I Hit A Lick (2 Chainz)
3%
25 2013 Give It 2 U (Robin Thicke)
2%
88 2013 Memories Back Then (Hustle Gang) ft. T.I., B.o.B & Kris Stephens
2%
60 2013 Yolo (The Lonely Island) ft. Adam Levine
2%
93 2019 Dedication (Nipsey Hussle)
0%
No matching quizzes found
Score Distribution
Percent of People with Each Score
Percentile by Number Answered
Your Score History
You have not taken this quiz since the last reset